Statistics for Diaspora-Switzerland

Click here to take the quiz!

General Stats

  • This quiz has been taken 50 times
  • The average score is 16 of 18

Answer Stats

Number of immigrants Continent Country % Correct
900.000North AmericaUnited States of America
100%
146.830North AmericaCanada
100%
89.390EuropeGermany
100%
51.895EuropeItaly
100%
220.730EuropeFrance
100%
25.148OceaniaAustralia
98%
15.321South AmericaBrazil
95%
25.168EuropeSpain
93%
16.602EuropeAustria
93%
15.816South AmericaArgentina
91%
6.925OceaniaNew Zealand
89%
5.489North AmericaMexico
89%
34.971EuropeUnited Kingdom
84%
5.366South AmericaChile
77%
9.132AfricaSouth Africa
75%
82.192EuropeBelgium
75%
19.433AsiaIsrael
61%
9.377AsiaThailand
55%

Score Distribution

Percentile by Number Answered

Percent of People with Each Score

Your Score History

You have not taken this quiz